Is That the Asian Capital? Quiz Stats

 Plays Quiz Updated Sep 2, 2019

Score 0/49 Timer 07:00
3 Plays Today
% Correct
Moscow, Russia
93.2%
Seoul, South Korea
93.1%
Beijing, China
93%
Singapore, Singapore
92.2%
Tehran, Iran
92.1%
Taipei, Taiwan
92%
Ankara, Turkey
91.8%
New Delhi, India
91.2%
Pyongyang, North Korea
91.1%
Beirut,
Lebanon
90.9%
Kabul, Afghanistan
90.7%
Riyadh, Saudi Arabia
90.2%
Phnom Penh, Cambodia
89.2%
Kuwait City, Kuwait
89.1%
Vientiane, Laos
89.1%
Kuala Lumpur, Malaysia
89%
Abu Dhabi, United
Arab Emirates
89%
Hanoi, Vietnam
88.8%
Jerusalem,
Israel
88.7%
Tbilisi, Georgia
88.6%
Yerevan, Armenia
88.4%
Damascus, Syria
88.2%
Kathmandu, Nepal
88.2%
Jakarta, Indonesia
88.2%
Tokyo, Japan
88%
% Correct
Bangkok, Thailand
87.9%
Baku, Azerbaijan
87.9%
Amman, Jordan
87.6%
Ulaanbaatar, Mongolia
87.6%
Tashkent, Uzbekistan
86.9%
Bishkek, Kyrgyzstan
86.1%
Muscat, Oman
85.4%
Manila, Philippines
85.4%
Doha, Qatar
85.3%
Malé, Maldives
84.6%
Dushanbe, Tajikistan
84%
Dili, Timor-Leste
84%
Dhaka, Bangladesh
83.3%
Sana'a, Yemen
82.6%
Baghdad, Iraq
81.6%
Ashgabat,
Turkmenistan
80.4%
Sri Jayawardenepura
Kotte, Sri Lanka
77.8%
Bandar Seri Begawan, Brunei
77.3%
Thimphu, Bhutan
75%
Naypyidaw, Myanmar
72%
Manama, Bahrain
69.6%
Islamabad, Pakistan
68.4%
Nur-Sultan, Kazakhstan
67.3%
Ramallah,
Palestine
66.2%

You're not logged in!

Compare scores with friends on all Sporcle quizzes.
OR
Log In

Sporcle TV

Today on Sporcle TV


Watch our educational content, quiz creation guides, and fun videos on Sporcle TV.

Show Comments

Extras

Top Quizzes Today


Score Distribution

Your Account Isn't Verified!

In order to create a playlist on Sporcle, you need to verify the email address you used during registration. Go to your Sporcle Settings to finish the process.

Report this User

Report this user for behavior that violates our Community Guidelines.

Details: